| 000 | 005180000a22001810004500 | ||
|---|---|---|---|
| 003 | MACL | ||
| 005 | 20150919102716.0 | ||
| 008 | 150919b xxu||||| |||| 00| 0 eng d | ||
| 040 |
_aMACL _cmacl |
||
| 041 | _aEnglish | ||
| 082 | _a823/THA | ||
| 100 |
_aThakur, Vijay Singh _911865 |
||
| 245 |
_aStylistics of Indian English Fiction _bWith Special Reference to Vikram Seths A Suitable Boy |
||
| 260 |
_bSerials Publications _c2008 _aNew Delhi |
||
| 350 | _a995 | ||
| 650 |
_aFiction _911866 |
||
| 942 |
_cBK _k823/THA _2ddc |
||
| 999 |
_c42165 _d42165 |
||